000 00421nam a2200157Ia 4500
005 20260622124710.0
008 170106s1995||||xx |||||||||||||| ||und||
020 _a0316738581
_qpbk
020 _a9780316738521
_qpbk
082 _a620.4
_bREG
100 _aRegis, Ed
245 0 _aNano : the emerging science of nanotechnology
260 _aBoston
_bLittle, Brown and Company
_c1995
650 _aPhysics
942 _cBK
_2ddc
999 _c8221
_d8221